000 004820000a22001810004500
003 LK-CoMWRAF
005 20231103142204.0
008 230817t ||||| |||| 00| 0 eng d
040 _aLK-CoMWRAF
_dLK-CoMWRAF
_eLK-CoMWRAF
041 _aeng
082 _a823
_bGRE
100 _aGreen, Margery
245 _aStrange tales from the arabian nights
260 _aIndia (Madras) :
_bMacmillan company of India Ltd,
_c1959
300 _a99p
650 _aEnglish Fiction
942 _cBK
999 _c1824
_d1824